[Event "World Rapid Women 2018"]
[Site "St Petersburg RUS"]
[Date "2018.12.26"]
[Round "1.22"]
[White "Girya, Olga"]
[Black "Gvanceladze, Anna"]
[Result "1-0"]
[WhiteTitle "WGM"]
[BlackTitle "WFM"]
[WhiteElo "2454"]
[BlackElo "2264"]
[WhiteFideId "4195752"]
[BlackFideId "4113721"]
[EventDate "2018.12.26"]

1. d4 d5 2. c4 c6 3. Nc3 Nf6 4. e3 g6 5. Nf3 Bg7 6. h3 O-O 7. Bd3 b6 8. O-O Bb7
9. Qe2 Nbd7 10. Rd1 e6 11. Bd2 Re8 12. Be1 Rc8 13. Rac1 Qc7 14. b4 Qb8 15. a4
Red8 16. Rb1 e5 17. cxd5 cxd5 18. dxe5 Nxe5 19. Nxe5 Qxe5 20. Nb5 Ne4 21. Rbc1
Bf8 22. Nd4 h5 23. Ba6 Bd6 24. Nf3 Qe7 25. Bxb7 Qxb7 26. Qb5 Rxc1 27. Rxc1 Qe7
28. Rd1 Qf6 29. Rxd5 Nc3 30. Bxc3 Qxc3 31. g3 Kg7 32. Kg2 Qc7 33. Qd3 Be7 34.
Rxd8 Bxd8 35. e4 Be7 36. Qd4+ Kg8 37. Qe5 Qd7 38. Qb5 Qd6 39. Ne5 Kg7 40. Nc6
Qe6 41. Qd5 Qd6 42. Qxd6 Bxd6 43. b5 Kf6 44. f4 Bc5 45. Nxa7 g5 46. Kf3 gxf4 47.
gxf4 Ke6 48. Nc6 Bd6 49. e5 Bc7 50. Ke4 f5+ 51. exf6 Kxf6 52. Ne5 Bd8 53. Nc4
Ke6 54. f5+ Kf6 55. Ne3 h4 56. Nd5+ Kf7 57. Ke5 Kf8 58. Ke6 Ke8 59. f6 Kf8 60.
Kd7 1-0

[Event "World Rapid Women 2018"]
[Site "St Petersburg RUS"]
[Date "2018.12.26"]
[Round "1.23"]
[White "Ovod, Evgenija"]
[Black "Cramling, Pia"]
[Result "0-1"]
[WhiteTitle "IM"]
[BlackTitle "GM"]
[WhiteElo "2367"]
[BlackElo "2465"]
[WhiteFideId "4131827"]
[BlackFideId "1700030"]
[EventDate "2018.12.26"]

1. e4 c5 2. c3 d5 3. exd5 Qxd5 4. d4 Nf6 5. Nf3 e6 6. Na3 Qd8 7. Nc2 Be7 8. Bd3
O-O 9. O-O Nbd7 10. Re1 b6 11. Ne3 Bb7 12. Nf1 Qc7 13. Bg5 Rfe8 14. Qd2 Bxf3 15.
gxf3 Rad8 16. Bf4 Qb7 17. Be4 Nxe4 18. fxe4 cxd4 19. cxd4 e5 20. dxe5 Nxe5 21.
Qe2 Nd3 22. Bg3 Nxe1 23. Qxe1 Bc5 24. e5 Bd4 25. Rb1 h6 26. b4 Qd5 27. Rb3 Re6
28. Ne3 Bxe3 29. Qxe3 Rc6 30. h4 Rdc8 31. Kh2 Rc1 32. f3 R8c2+ 33. Bf2 Rf1 34.
Rd3 Rfxf2+ 35. Kg3 Rg2+ 0-1

[Event "World Rapid Women 2018"]
[Site "St Petersburg RUS"]
[Date "2018.12.26"]
[Round "1.24"]
[White "Shuvalova, Polina"]
[Black "Tsolakidou, Stavroula"]
[Result "0-1"]
[WhiteTitle "WIM"]
[BlackTitle "IM"]
[WhiteElo "2441"]
[BlackElo "2387"]
[WhiteFideId "24171760"]
[BlackFideId "4264312"]
[EventDate "2018.12.26"]

1. e4 c5 2. Nf3 d6 3. Bb5+ Nd7 4. O-O a6 5. Bd3 Ngf6 6. Re1 g6 7. c3 Bg7 8. Bf1
b5 9. d4 cxd4 10. cxd4 Nb6 11. Bd2 Bb7 12. Bd3 Nfd7 13. Ba5 O-O 14. Nbd2 Rc8 15.
Qe2 Qc7 16. a4 bxa4 17. Nc4 Bc6 18. Nxb6 Nxb6 19. Rec1 Qb8 20. Bxa6 Rc7 21. Rc3
Bd7 22. h3 Ra7 23. b4 Qa8 24. b5 Bxb5 25. Qxb5 Rxa6 26. Bxb6 Rb8 27. Rc6 Qb7 28.
Rxa4 Rxb6 29. Rxb6 Qxb6 30. Qxb6 Rxb6 31. Ra8+ Bf8 32. d5 Rb4 33. e5 Rb5 34.
exd6 exd6 35. Kf1 Rxd5 36. Ke2 Kg7 37. Ra7 Kf6 38. g4 Bh6 39. h4 Bf4 40. Ra4 Be5
41. Ng5 h6 42. Ne4+ Ke6 43. Ra8 Rb5 44. Re8+ Kd7 45. Rf8 Ke7 46. Ra8 d5 47. Ra7+
Kf8 48. Nd2 Rb2 49. Rd7 Rb5 50. Ke3 Ke8 51. Ra7 Rb4 52. Ra8+ Ke7 53. Ra7+ Kf8
54. Ra8+ Kg7 55. Nf3 Rxg4 56. Rd8 Bf6 57. Rxd5 Bxh4 58. Ne5 Bg5+ 59. Ke2 Re4+
60. Kf1 Kf6 61. Nd7+ Ke7 62. Nc5 Rc4 63. Nd3 Bf6 64. Ra5 Bd4 65. Rd5 h5 66. Kg2
Bb6 67. Rb5 Bc7 68. Rb7 Kf6 69. Rb5 g5 70. Nc5 Bf4 71. Kf3 Kg7 72. Ne4 f6 73.
Rb7+ Kg6 74. Rb6 Be5 75. Nd2 Rc3+ 76. Kg2 h4 77. Rb1 g4 78. Nf1 Bd4 79. Rd1 Bc5
80. Rd2 h3+ 81. Kh2 Rf3 82. Kh1 Rxf2 83. Rd1 f5 84. Ng3 Rf3 85. Ne2 Kg5 86. Ng1
Bxg1 87. Rxg1 g3 88. Re1 Rf1+ 89. Rxf1 g2+ 0-1

[Event "World Rapid Women 2018"]
[Site "St Petersburg RUS"]
[Date "2018.12.26"]
[Round "1.25"]
[White "Dumcheva, Julia"]
[Black "Khademalsharieh, Sarasadat"]
[Result "0-1"]
[WhiteTitle "WFM"]
[BlackTitle "IM"]
[WhiteElo "2168"]
[BlackElo "2470"]
[WhiteFideId "24143375"]
[BlackFideId "12512214"]
[EventDate "2018.12.26"]

1. e4 e5 2. Nf3 Nc6 3. Bb5 g6 4. O-O Bg7 5. Nc3 a6 6. Bxc6 bxc6 7. Re1 Ne7 8. d3
O-O 9. Bg5 h6 10. Bh4 d6 11. d4 exd4 12. Nxd4 g5 13. Bg3 c5 14. Nb3 Ng6 15. Rb1
Be6 16. e5 Bxb3 17. axb3 Nxe5 18. f4 gxf4 19. Bxf4 Ng6 20. Bg3 Qd7 21. Qd3 a5
22. Rf1 Rae8 23. Ra1 Bd4+ 24. Kh1 Re3 25. Qd1 Re6 26. Rxa5 Qc6 27. Ra1 Kg7 28.
Qh5 Bxc3 29. bxc3 Qe4 30. Rf2 f5 31. Raf1 f4 32. h3 Re5 33. Qg4 Rg5 34. Qd7+ Rf7
35. Qxf7+ Kxf7 36. Rxf4+ Nxf4 37. Rxf4+ Qxf4 38. Bxf4 Rg6 39. Kg1 Ke6 40. Kf2
Kf5 41. g3 Ke4 42. h4 h5 43. Ke2 Rf6 44. Be3 Rf3 45. Bf2 Rxc3 46. Kd2 Rf3 47.
Ke2 d5 48. Bxc5 Rxg3 49. Be7 d4 50. Bd8 c6 51. b4 Rg2+ 52. Kd1 Kd5 53. Bg5 Kc4
54. Be7 Kc3 55. Bc5 Rd2+ 0-1

[Event "World Rapid Women 2018"]
[Site "St Petersburg RUS"]
[Date "2018.12.26"]
[Round "1.26"]
[White "Gunina, Valentina"]
[Black "Stetsko, Lanita"]
[Result "1-0"]
[WhiteTitle "GM"]
[BlackTitle "FM"]
[WhiteElo "2496"]
[BlackElo "2194"]
[WhiteFideId "4167570"]
[BlackFideId "13505300"]
[EventDate "2018.12.26"]

1. d4 Nf6 2. c4 e6 3. Nf3 d5 4. g3 Be7 5. Bg2 O-O 6. O-O dxc4 7. Ne5 Nc6 8. Bxc6
bxc6 9. Nxc6 Qe8 10. Nxe7+ Qxe7 11. Qc2 c5 12. dxc5 Qxc5 13. Be3 Qc6 14. f3 Ba6
15. Bf2 Nd5 16. Rc1 Qb7 17. Nc3 Nxc3 18. bxc3 Bb5 19. Rcb1 Qa6 20. Rb4 Bc6 21.
Rd1 Rfd8 22. a4 Rxd1+ 23. Qxd1 h6 24. Qd6 Re8 25. a5 Rc8 26. Qe5 Bd5 27. e4 Bb7
28. Qd4 f5 29. Qd7 Ba8 30. Bd4 1-0

[Event "World Rapid Women 2018"]
[Site "St Petersburg RUS"]
[Date "2018.12.26"]
[Round "1.27"]
[White "Kabanova, Ekaterina"]
[Black "Javakhishvili, Lela"]
[Result "0-1"]
[WhiteTitle "WFM"]
[BlackTitle "IM"]
[WhiteElo "2095"]
[BlackElo "2464"]
[WhiteFideId "24112917"]
[BlackFideId "13601458"]
[EventDate "2018.12.26"]

1. c4 c5 2. Nf3 Nc6 3. e3 Nf6 4. a3 e6 5. Qc2 Be7 6. Be2 O-O 7. d3 d5 8. Nbd2 b6
9. h3 Bb7 10. g4 Rc8 11. Rg1 dxc4 12. Nxc4 b5 13. Ncd2 Nd7 14. g5 Nde5 15. b3
Qd5 16. Nxe5 Nxe5 17. f4 Ng6 18. Bb2 f6 19. Ne4 f5 20. Qc3 Rf7 21. Nd2 Bf8 22.
Nf3 Qd7 23. h4 Bxf3 24. Bxf3 Nxh4 25. Bh5 Ng6 26. Rh1 c4 27. bxc4 bxc4 28. Rc1
Qd5 29. Kf2 Rfc7 30. Be2 cxd3 31. Qxd3 Qa2 32. Rxc7 Rxc7 33. Rb1 Rb7 34. Qc2 Qb3
35. Qxb3 Rxb3 36. Bc4 Rb6 37. Ba2 Bc5 38. Bc1 Rxb1 39. Bxb1 Nxf4 40. Kf3 Nd5 41.
Ba2 Kf7 42. Bc4 Nc3 43. Bb3 Ne4 44. a4 Nxg5+ 45. Kf4 h6 46. Bb2 Bd6+ 47. Be5 Ke7
48. Bc4 a5 49. Bf1 Nf7 50. Bxd6+ Kxd6 51. e4 g5+ 52. Ke3 Ke5 53. exf5 exf5 54.
Kd3 Nd6 55. Bg2 h5 56. Bc6 h4 57. Ke3 g4 58. Kf2 f4 59. Kg2 f3+ 60. Kf2 Kf4 61.
Bd5 g3+ 62. Kg1 h3 63. Kh1 f2 0-1

[Event "World Rapid Women 2018"]
[Site "St Petersburg RUS"]
[Date "2018.12.26"]
[Round "1.28"]
[White "Batsiashvili, Nino"]
[Black "Shaydullina, Sandugach"]
[Result "1/2-1/2"]
[WhiteTitle "GM"]
[BlackTitle "WGM"]
[WhiteElo "2459"]
[BlackElo "2033"]
[WhiteFideId "13602993"]
[BlackFideId "4140389"]
[EventDate "2018.12.26"]

1. d4 d5 2. Bf4 g6 3. e3 Bg7 4. Nf3 c5 5. c3 Nc6 6. Nbd2 Nf6 7. h3 O-O 8. Bd3
Nd7 9. O-O e5 10. dxe5 Ndxe5 11. Bc2 Re8 12. Nxe5 Nxe5 13. Nf3 Nxf3+ 14. Qxf3
Be6 15. Rfd1 Qb6 16. Rab1 Rad8 17. Ba4 Rf8 18. Bb3 d4 19. Bxe6 fxe6 20. cxd4
cxd4 21. Qe4 e5 22. Bg5 Rd7 23. Rd3 Rdf7 24. Bh4 Qc6 25. Qxc6 bxc6 26. exd4 exd4
27. Rc1 Rc8 28. b3 Rf5 29. f3 c5 30. Rc4 Re8 31. Kf1 g5 32. Bf2 h5 33. Ra4 Re7
34. Rc4 g4 35. hxg4 hxg4 36. fxg4 Rg5 37. Rf3 Rd7 38. Rd3 Rf7 39. g3 Bf8 40. Kg2
Rxg4 41. Rf3 Rd7 42. Rd3 Rf7 43. Rd2 Re4 44. Rcc2 Bh6 45. Rd3 Rf5 46. Rf3 Rd5
47. Rd3 Rf5 48. b4 cxb4 49. Rc8+ Kh7 50. Rc7+ Kg6 51. Rxa7 Re2 52. Ra6+ Kh7 53.
Rf3 Rxf3 54. Kxf3 d3 55. Bc5 Rb2 56. Rd6 d2 57. Rd7+ Kg8 58. Ke2 Rb1 59. Bf2 Rb2
60. Bc5 Rb1 61. Bf2 Kf8 62. g4 Ke8 63. Rd4 Ke7 64. Bh4+ Ke6 65. Bg3 Bg5 66. Rd6+
Kf7 67. Rd4 Rb2 68. Bf4 Bxf4 69. Rxf4+ Kg6 70. Rd4 Rxa2 71. Rxb4 Kg5 72. Rd4 Rb2
73. Rxd2 Rxd2+ 74. Kxd2 Kxg4 1/2-1/2

[Event "World Rapid Women 2018"]
[Site "St Petersburg RUS"]
[Date "2018.12.26"]
[Round "1.29"]
[White "Chernyak, Viktoria"]
[Black "Mammadova, Gulnar"]
[Result "0-1"]
[WhiteTitle "WFM"]
[BlackTitle "IM"]
[WhiteElo "2186"]
[BlackElo "2368"]
[WhiteFideId "24165956"]
[BlackFideId "13403508"]
[EventDate "2018.12.26"]

1. d4 e6 2. Nf3 f5 3. g3 Nf6 4. Bg2 g6 5. O-O Bg7 6. c4 O-O 7. Nc3 d6 8. b4 Qe8
9. Rb1 c6 10. a4 e5 11. d5 e4 12. Ne1 cxd5 13. Nxd5 Nxd5 14. Qxd5+ Be6 15. Qxb7
Nc6 16. Bb2 Rf7 17. Qa6 Rb8 18. c5 Rxb4 19. Bxg7 Rxb1 20. Bh6 Rb4 21. Nc2 Bc4
22. Qxc6 Qxc6 23. Nxb4 Qxa4 0-1

[Event "World Rapid Women 2018"]
[Site "St Petersburg RUS"]
[Date "2018.12.26"]
[Round "1.30"]
[White "Saduakassova, Dinara"]
[Black "Nebolsina, Vera"]
[Result "1-0"]
[WhiteTitle "IM"]
[BlackTitle "WGM"]
[WhiteElo "2472"]
[BlackElo "2242"]
[WhiteFideId "13700090"]
[BlackFideId "4163591"]
[EventDate "2018.12.26"]

1. d4 Nf6 2. c4 g6 3. g3 Bg7 4. Bg2 d6 5. Nc3 O-O 6. Nf3 Nc6 7. O-O e5 8. d5 Ne7
9. e4 Ne8 10. b4 a5 11. bxa5 Rxa5 12. a4 h6 13. Ba3 f5 14. Nd2 f4 15. c5 g5 16.
Nc4 Ra6 17. f3 dxc5 18. Bxc5 Rg6 19. g4 b6 20. Bb4 Rf7 21. Nb5 c5 22. Bc3 h5 23.
Nxe5 Bxe5 24. Bxe5 hxg4 25. fxg4 Rh6 26. Ra3 Ng6 27. Ba1 Nh4 28. Bh1 Qd7 29. h3
Rfh7 30. e5 Ng6 31. Bg2 Nh4 32. Be4 Ng6 33. e6 Qd8 34. Qd3 Rxh3 35. Bxg6 Rxd3
36. Bxh7+ Kxh7 37. Rxd3 Nf6 38. Re1 Kg6 39. e7 Qd7 40. Re6 1-0

[Event "World Rapid Women 2018"]
[Site "St Petersburg RUS"]
[Date "2018.12.26"]
[Round "1.31"]
[White "Goltseva, Ekaterina"]
[Black "Mkrtchian, Lilit"]
[Result "0-1"]
[WhiteTitle "WFM"]
[BlackTitle "IM"]
[WhiteElo "2153"]
[BlackElo "2392"]
[WhiteFideId "24173770"]
[BlackFideId "13300601"]
[EventDate "2018.12.26"]

1. d4 Nf6 2. c4 e6 3. Nc3 Bb4 4. e3 O-O 5. Bd3 c5 6. Nf3 b6 7. O-O Bxc3 8. bxc3
Bb7 9. a4 Ne4 10. Qc2 f5 11. Nd2 Nxd2 12. Bxd2 Nc6 13. f3 Qf6 14. Bc1 Na5 15.
Ba3 d6 16. e4 Ba6 17. Qe2 Rfd8 18. d5 f4 19. Rfe1 Re8 20. Bb2 e5 21. Bc1 h5 22.
Rf1 g5 23. Bd2 Re7 24. Rf2 Rg7 25. Raf1 Rf8 26. Rb1 Qe7 27. Rb5 Bxb5 28. cxb5 g4
29. fxg4 hxg4 30. g3 fxg3 31. hxg3 Rxf2 32. Qxf2 Qf7 33. Qe3 Qh5 34. Be2 Nb3 35.
Qh6 Qxh6 36. Bxh6 Rg6 37. Be3 Kf7 38. Kg2 Ke7 39. Kg1 Rg8 40. Kg2 Na5 41. Kg1
Nb7 42. Kg2 Nd8 43. Kg1 Nf7 44. Kg2 Ng5 45. Bxg5+ Rxg5 46. Bd1 Rg8 47. Be2 Kf6
48. Bd1 Kg5 49. Be2 c4 50. Bd1 Rc8 51. Be2 Rc7 52. Kg1 Rc8 53. Kg2 Ra8 54. Bf1
a6 55. Bxc4 Rc8 56. Be2 axb5 57. axb5 Rxc3 58. Kf2 Rb3 59. Bf1 Rf3+ 60. Kg2 Re3 0-1

[Event "World Rapid Women 2018"]
[Site "St Petersburg RUS"]
[Date "2018.12.26"]
[Round "1.32"]
[White "Ambartsumova, Karina"]
[Black "Bezgodova, Svetlana"]
[Result "1-0"]
[WhiteTitle "WGM"]
[BlackTitle "WIM"]
[WhiteElo "2383"]
[BlackElo "2046"]
[WhiteFideId "4166299"]
[BlackFideId "4110650"]
[EventDate "2018.12.26"]

1. c4 Nf6 2. Nc3 d6 3. d4 Nbd7 4. Nf3 c6 5. e4 e5 6. Be2 Be7 7. O-O O-O 8. Qc2
Re8 9. Rd1 Bf8 10. b3 a6 11. Ba3 Qa5 12. Bb2 b5 13. a3 Bb7 14. b4 Qd8 15. dxe5
dxe5 16. c5 a5 17. Qb3 Qc7 18. Ng5 Nb8 19. Bxb5 h6 20. Nxf7 cxb5 21. Nd6+ Kh7
22. Ncxb5 Qe7 23. Nxe8 Nxe8 24. f3 Nc6 25. Rac1 Bc8 26. Nd6 Be6 27. Qa4 Nd4 28.
Bxd4 exd4 29. Rxd4 Qg5 30. Re1 Bh3 31. Qc2 Nc7 32. Qd2 Qg6 33. e5 axb4 34. axb4
Ne6 35. Rc4 Ng5 36. Kh1 Be6 37. Rc2 Be7 38. c6 Nf7 39. c7 Nxd6 40. exd6 Bxd6 41.
Qxd6 Qxc2 42. Qxe6 Qc3 43. Qe4+ Kh8 44. Qxa8+ Kh7 45. Qe4+ Kh8 46. Qe8+ Kh7 47.
c8=Q 1-0

[Event "World Rapid Women 2018"]
[Site "St Petersburg RUS"]
[Date "2018.12.26"]
[Round "1.33"]
[White "Assaubayeva, Bibisara"]
[Black "Voit, Daria"]
[Result "1-0"]
[WhiteTitle "FM"]
[BlackTitle "FM"]
[WhiteElo "2372"]
[BlackElo "2358"]
[WhiteFideId "13708694"]
[BlackFideId "4182146"]
[EventDate "2018.12.26"]

1. d4 Nf6 2. c4 e6 3. Nf3 Bb4+ 4. Nbd2 O-O 5. a3 Bxd2+ 6. Qxd2 b6 7. b4 Bb7 8.
e3 d6 9. Bd3 Nbd7 10. Bb2 Qe7 11. O-O c5 12. Qc2 Rfd8 13. Nd2 Rac8 14. Rac1 cxd4
15. exd4 h6 16. Rfe1 Rc7 17. Qb3 Qf8 18. Nf1 Rdc8 19. Ne3 Qd8 20. Qd1 Nf8 21.
Qe2 N8h7 22. f4 Re7 23. Rcd1 Re8 24. Qc2 Qc7 25. Qf2 Ne4 26. Qh4 Qd8 27. Qh3 Qc7
28. Ng4 f5 29. Ne3 d5 30. cxd5 Bxd5 31. Nxd5 exd5 32. Qxf5 Nhf6 33. Bxe4 Nxe4
34. Qxd5+ Qf7 35. Qxf7+ Kxf7 36. d5 Nd6 37. Re6 Rxe6 38. dxe6+ Kxe6 39. Bxg7 Nf5
40. Be5 Rc2 41. g4 Ne3 42. Rd6+ Ke7 43. h3 h5 44. gxh5 Rg2+ 45. Kh1 Rg3 46. Rh6
Rxh3+ 47. Kg1 Ng4 48. Rh7+ Ke6 49. Rxa7 Rxh5 50. Ra6 Kf5 51. Rxb6 Ke4 52. Kg2
Ne3+ 53. Kg3 Rh1 54. Rb8 Rg1+ 55. Kh4 Nf5+ 56. Kh5 Ne7 57. Kh6 Rg6+ 58. Kh7 Ra6
59. Re8 Nf5 60. b5 Ra7+ 61. Kh8 Kd5 62. b6 Rxa3 63. b7 Rh3+ 64. Kg8 1-0

[Event "World Rapid Women 2018"]
[Site "St Petersburg RUS"]
[Date "2018.12.26"]
[Round "1.34"]
[White "Galliamova, Alisa"]
[Black "Lysenko, Margarita"]
[Result "1-0"]
[WhiteTitle "IM"]
[BlackTitle "WFM"]
[WhiteElo "2444"]
[BlackElo "2190"]
[WhiteFideId "4129725"]
[BlackFideId "34100200"]
[EventDate "2018.12.26"]

1. Nf3 Nf6 2. g3 g6 3. Bg2 Bg7 4. d4 O-O 5. O-O d5 6. c4 c6 7. Qb3 dxc4 8. Qxc4
Be6 9. Qc2 Bf5 10. Qb3 Qb6 11. Qa3 Qa6 12. Qxa6 Nxa6 13. Nc3 Rfd8 14. a3 Nd5 15.
Bg5 f6 16. Bd2 Nb6 17. Rae1 Nc7 18. h3 Rac8 19. Bc1 Ne8 20. e4 Be6 21. Kh2 Bf7
22. b4 Nc4 23. Rd1 Nc7 24. Rfe1 e5 25. dxe5 Nxe5 26. Nd4 Ne6 27. Nce2 Nc4 28.
Nxe6 Bxe6 29. Nd4 Bf7 30. f4 Re8 31. g4 Bf8 32. Nc2 Rcd8 33. Ne3 Nxe3 34. Bxe3
b6 35. Kg3 Bb3 36. Rxd8 Rxd8 37. Bf1 c5 38. bxc5 bxc5 39. Rc1 c4 40. Bxc4+ Bxc4
41. Rxc4 Rd3 42. Kf2 Rxa3 43. Rc8 Ra2+ 44. Kf3 Ra3 45. Kf2 Ra2+ 46. Kf1 Ra1+ 47.
Ke2 Ra2+ 48. Kf3 Ra3 49. e5 fxe5 50. fxe5 Kf7 51. e6+ Ke7 52. Ke4 Ra4+ 53. Kd5
Bg7 54. Bg5+ 1-0

[Event "World Rapid Women 2018"]
[Site "St Petersburg RUS"]
[Date "2018.12.26"]
[Round "1.35"]
[White "Makarenko, Alexandra"]
[Black "Mamedjarova, Turkan"]
[Result "1-0"]
[WhiteTitle "WIM"]
[BlackTitle "WGM"]
[WhiteElo "2228"]
[BlackElo "2295"]
[WhiteFideId "4165055"]
[BlackFideId "13402005"]
[EventDate "2018.12.26"]

1. e4 e5 2. Nf3 Nc6 3. Bb5 a6 4. Ba4 Nf6 5. O-O Nxe4 6. d4 b5 7. Bb3 d5 8. dxe5
Be6 9. c3 Be7 10. Nbd2 Nc5 11. Bc2 d4 12. cxd4 Nxd4 13. Nxd4 Qxd4 14. Nf3 Qxd1
15. Rxd1 O-O 16. Ng5 Bxg5 17. Bxg5 Rfe8 18. f4 Bg4 19. Rf1 Be2 20. Rfc1 h6 21.
Bh4 Bd3 22. Bf2 Bxc2 23. Rxc2 Nd3 24. g3 c5 25. Rd2 c4 26. b3 Rac8 27. bxc4 bxc4
28. Bd4 Red8 29. Bc3 Nc5 30. Rad1 Rd3 31. Rxd3 Nxd3 32. Kg2 Rd8 33. Rd2 Rb8 34.
Kf3 Rb1 35. Rc2 Rd1 36. Ba5 Ra1 37. Ke4 Nc1 38. Bc3 Rb1 39. Kd5 Rb8 40. Rxc1 Rc8
41. Bd4 Rd8+ 42. Kxc4 Rc8+ 43. Bc5 Rd8 44. Rc2 Rb8 45. a4 Kh7 46. a5 Rb5 47. Bb6
Kg6 48. g4 h5 49. h3 Rb1 50. Rg2 h4 51. f5+ Kh6 52. Be3+ g5 53. e6 fxe6 54. fxe6
Kg6 55. Rf2 Re1 56. Kd3 Rd1+ 57. Bd2 Rb1 58. e7 Rb8 59. Rf8 1-0

[Event "World Rapid Women 2018"]
[Site "St Petersburg RUS"]
[Date "2018.12.26"]
[Round "1.36"]
[White "Guseva, Marina"]
[Black "Shafigullina, Zarina"]
[Result "0-1"]
[WhiteTitle "IM"]
[BlackTitle "WFM"]
[WhiteElo "2408"]
[BlackElo "2140"]
[WhiteFideId "4149351"]
[BlackFideId "24174220"]
[EventDate "2018.12.26"]

1. d4 Nf6 2. c4 e6 3. Nc3 Bb4 4. Nf3 O-O 5. Bg5 d5 6. cxd5 exd5 7. e3 c6 8. Qc2
Be7 9. Bd3 h6 10. Bf4 Nh5 11. O-O Nd7 12. Rfe1 Nxf4 13. exf4 Bd6 14. Ne5 Qb6 15.
Rad1 Nf6 16. h3 Re8 17. a3 a5 18. Re3 Qc7 19. Rc1 Qb6 20. Ne2 Bd7 21. g4 Qc7 22.
Ng3 c5 23. Qe2 c4 24. Bb1 Bc6 25. Rd1 Rad8 26. g5 hxg5 27. fxg5 Bxe5 0-1

[Event "World Rapid Women 2018"]
[Site "St Petersburg RUS"]
[Date "2018.12.26"]
[Round "1.37"]
[White "Bogumil, Tatiana"]
[Black "Skripchenko, Almira"]
[Result "0-1"]
[WhiteTitle "WGM"]
[BlackTitle "IM"]
[WhiteElo "2114"]
[BlackElo "2408"]
[WhiteFideId "4110579"]
[BlackFideId "13900145"]
[EventDate "2018.12.26"]

1. Nf3 c5 2. c4 Nc6 3. d4 cxd4 4. Nxd4 Nf6 5. Nc3 e6 6. Nc2 Qc7 7. e4 a6 8. Be2
Ne5 9. b3 b5 10. f4 bxc4 11. b4 Nd3+ 12. Bxd3 cxd3 13. Qxd3 Bb7 14. Bd2 Rc8 15.
Rc1 Qc4 16. Qxc4 Rxc4 17. e5 Nd5 18. Nxd5 Bxd5 19. O-O Bc6 20. Ne3 Rd4 21. Bc3
Re4 22. Nc2 g5 23. f5 Re2 24. Rf2 Rxf2 25. Kxf2 exf5 26. Nd4 Be4 27. Nf3 Be7 28.
e6 f6 29. exd7+ Kxd7 30. Rd1+ Ke6 31. Nd4+ Kf7 32. a4 Rc8 33. Be1 Rc4 34. Nf3
Bxb4 35. a5 Rc2+ 36. Kf1 Bxe1 37. Nxe1 Ra2 38. Rd7+ Kg6 39. Nf3 Bxf3 40. gxf3
Rxa5 41. Kg2 Ra2+ 42. Kg3 f4+ 43. Kh3 Rf2 44. Rd3 h5 45. Ra3 Rxf3+ 0-1

[Event "World Rapid Women 2018"]
[Site "St Petersburg RUS"]
[Date "2018.12.26"]
[Round "1.38"]
[White "Berend, Elvira"]
[Black "Semenova, Elena1"]
[Result "1-0"]
[WhiteTitle "WGM"]
[BlackTitle "WIM"]
[WhiteElo "2332"]
[BlackElo "2260"]
[WhiteFideId "4000510"]
[BlackFideId "24125148"]
[EventDate "2018.12.26"]

1. d4 d5 2. Nf3 Nf6 3. c4 dxc4 4. e3 e6 5. Bxc4 c5 6. O-O cxd4 7. exd4 Be7 8.
Nc3 O-O 9. Re1 a6 10. Bb3 Nc6 11. Bg5 b5 12. d5 Nxd5 13. Bxd5 exd5 14. Qxd5 Qxd5
15. Nxd5 Bxg5 16. Nxg5 h6 17. Ne4 Rd8 18. Red1 Bf5 19. Nc5 a5 20. Rac1 Rac8 21.
Nb7 Rd7 22. Nxa5 Nxa5 23. Rxc8+ Kh7 24. Rc7 Rd6 25. Ne3 Rxd1+ 26. Nxd1 Be6 27.
b3 Bd5 28. Nc3 1-0

[Event "World Rapid Women 2018"]
[Site "St Petersburg RUS"]
[Date "2018.12.26"]
[Round "1.39"]
[White "Smirnova, Ekaterina"]
[Black "Mamedjarova, Zeinab"]
[Result "0-1"]
[WhiteTitle "WFM"]
[BlackTitle "WGM"]
[WhiteElo "2192"]
[BlackElo "2338"]
[WhiteFideId "4110943"]
[BlackFideId "13401521"]
[EventDate "2018.12.26"]

1. d4 d5 2. c4 dxc4 3. e3 Nf6 4. Bxc4 a6 5. Nc3 e6 6. Nf3 b5 7. Bd3 Bb7 8. O-O
c5 9. dxc5 Bxc5 10. e4 b4 11. Na4 Ba7 12. Qe2 Qa5 13. b3 Nbd7 14. Bb2 O-O 15.
Rac1 Rfd8 16. Rfd1 Nh5 17. Bb1 Ndf6 18. Bd4 Nf4 19. Qe3 Bxd4 20. Qxf4 e5 21. Qh4
Ba7 22. h3 Rxd1+ 23. Rxd1 Rd8 24. Rc1 Qb5 25. Re1 h6 26. Nb2 Bd4 27. Nxd4 Rxd4
28. Nc4 Qc5 29. Kh1 a5 30. f3 Ba6 31. Ne3 Rd2 32. Nf5 Ne8 33. Qg3 Kh7 34. Ne3
Nf6 35. Nf5 Nh5 36. Qg4 Qf2 37. Rg1 g6 38. Ne7 Ng3+ 39. Kh2 Nf1+ 40. Kh1 Rd1 41.
Nf5 Ng3+ 0-1

[Event "World Rapid Women 2018"]
[Site "St Petersburg RUS"]
[Date "2018.12.26"]
[Round "1.40"]
[White "Gaponenko, Inna"]
[Black "Garifullina, Leya"]
[Result "1/2-1/2"]
[WhiteTitle "IM"]
[BlackTitle "WCM"]
[WhiteElo "2420"]
[BlackElo "2132"]
[WhiteFideId "14101181"]
[BlackFideId "34127035"]
[EventDate "2018.12.26"]

1. e4 c5 2. c3 e6 3. d4 d5 4. exd5 exd5 5. Nf3 Nc6 6. Bb5 Bd6 7. dxc5 Bxc5 8.
O-O Nf6 9. Nbd2 O-O 10. Nb3 Bd6 11. Bg5 Be6 12. Nbd4 Nxd4 13. Qxd4 Be7 14. Bd3
h6 15. Bh4 Re8 16. Rfe1 a6 17. Rad1 Qa5 18. Bb1 Qb5 19. Qd2 Qb6 20. Qc2 Ne4 21.
Bxe7 Rxe7 22. Nd4 Rae8 23. Re3 Nf6 24. Rde1 Qd6 25. h3 Bc8 26. Qd3 Re4 27. Qd2
R4e7 28. Bf5 Rxe3 29. Rxe3 Rxe3 30. Qxe3 Bxf5 31. Nxf5 Qe6 32. Qxe6 fxe6 33. Nd6
b5 34. Nb7 Nd7 35. Nd8 Nc5 36. Kf1 Kf8 37. Ke2 Ke7 38. Nc6+ Kd6 39. Nb4 e5 40.
Kd2 e4 41. b3 a5 42. Nc2 Nd3 43. Nd4 b4 44. f3 Nf4 45. cxb4 axb4 46. fxe4 Nxg2
47. Nc2 dxe4 48. Nxb4 g5 49. a4 Kc5 50. Nc2 h5 51. b4+ Kc4 52. a5 Kb5 53. Nd4+
Ka6 54. Ne2 Nf4 55. Ng3 Nxh3 56. Nxe4 Nf4 57. Nxg5 Nd5 58. Ke2 Nxb4 59. Kf3 Kxa5
60. Kg3 1/2-1/2

[Event "World Rapid Women 2018"]
[Site "St Petersburg RUS"]
[Date "2018.12.26"]
[Round "1.41"]
[White "Petrova, Irina"]
[Black "Michna, Marta"]
[Result "0-1"]
[WhiteTitle "WIM"]
[BlackTitle "WGM"]
[WhiteElo "2124"]
[BlackElo "2333"]
[WhiteFideId "14124122"]
[BlackFideId "1106686"]
[EventDate "2018.12.26"]

1. d4 d6 2. e4 Nf6 3. Nc3 Nc6 4. Nf3 Bg4 5. d5 Nb8 6. Be2 g6 7. Be3 Bg7 8. Qd2
c6 9. h3 Bxf3 10. Bxf3 Nbd7 11. O-O O-O 12. Rad1 Rc8 13. Be2 cxd5 14. exd5 Rxc3
15. Qxc3 Nxd5 16. Qb3 Nxe3 17. Qxe3 a6 18. c3 Nc5 19. Rfe1 Qc7 20. Bf3 e6 21.
Qe2 d5 22. h4 h5 23. g3 b5 24. Bg2 Rd8 25. g4 hxg4 26. Qxg4 Nd7 27. Qf3 Nf6 28.
Qg3 Qc4 29. b3 Qc5 30. Rd3 Nh5 31. Qf3 Rc8 32. Ree3 Bh6 33. Re1 Nf4 34. Rd4 Qxc3
35. Red1 Qxf3 36. Bxf3 Rc3 37. Rxf4 Bxf4 38. Kg2 Rc2 39. a4 b4 40. Rd3 a5 41.
Bd1 Rc1 42. h5 g5 43. Kf3 Kg7 44. Ke2 Kh6 45. Ke1 f5 46. Rd4 Be5 47. Rd3 Bc3+
48. Kf1 d4 49. Kg2 e5 50. Be2 e4 51. Rd1 Rc2 52. Bc4 e3 53. Kf1 Rxf2+ 54. Kg1 e2 0-1